Statistics for NBA Top 3 Best Scorers By Team

Click here to take the quiz!

General Stats

  • This quiz has been taken 2,354 times
    (2,005 since last reset)
  • The average score is 51 of 90

Answer Stats

PlayerPointsTeam% Correct
LeBron James23 119Cleveland Cavaliers
95%
Michael Jordan29 277Chicago Bulls
95%
Kareem Abdul-Jabbar14 211Milwaukee Bucks
94%
Kareem Abdul-Jabbar24 176Los Angeles Lakers
94%
Larry Bird21 791Boston Celtics
94%
Kobe Bryant33 643Los Angeles Lakers
93%
Stephen Curry21 712Golden State Warriors
93%
Tim Duncan26 496San Antonio Spurs
93%
Dell Curry9 839Charlotte Hornets
92%
David West8 690New Orleans Pelicans
90%
Jerry West25 192Los Angeles Lakers
90%
Scottie Pippen15 123Chicago Bulls
89%
Dwyane Wade21 556Miami Heat
88%
Kevin Durant17 566Oklahoma City Thunder
88%
Wilt Chamberlain17 783Golden State Warriors
87%
Dirk Nowitzki31 560Dallas Mavericks
84%
James Harden18 365Houston Rockets
84%
Russell Westbrook18 859Oklahoma City Thunder
84%
Jeff Malone11 083Washington Wizards
83%
Karl Malone36 374Utah Jazz
83%
Damian Lillard19 376Portland Trail Blazers
82%
Hakeem Olajuwon26 511Houston Rockets
81%
Isiah Thomas18 822Detroit Pistons
81%
Allen Iverson19 931Philadelphia 76ers
80%
Kevin Garnett19 201Minnesota Timberwolves
80%
David Robinson20 790San Antonio Spurs
79%
Glenn Robinson12 010Milwaukee Bucks
79%
Chris Paul7 936New Orleans Pelicans
77%
Giannis Antetokounmpo16 280Milwaukee Bucks
77%
Patrick Ewing23 665New York Knicks
75%
Paul Pierce24 021Boston Celtics
74%
Carmelo Anthony13 970Denver Nuggets
73%
Marc Gasol11 684Memphis Grizzlies
71%
Reggie Miller25 279Indiana Pacers
70%
Anthony Davis11 059New Orleans Pelicans
68%
Clyde Drexler18 040Portland Trail Blazers
68%
Dominique Wilkins23 292Atlanta Hawks
68%
John Stockton19 711Utah Jazz
67%
Walter Davis15 666Phoenix Suns
67%
Blake Griffin10 863Los Angeles Clippers
66%
Dwight Howard11 435Orlando Magic
66%
John Havlicek26 395Boston Celtics
66%
Oscar Robertson22 009Sacramento Kings
65%
Chris Bosh10 275Toronto Raptors
63%
DeMar DeRozan13 296Toronto Raptors
62%
Bob Love12 623Chicago Bulls
61%
Bradley Beal15 391Washington Wizards
58%
Gary Payton18 207Oklahoma City Thunder
58%
George Gervin23 602San Antonio Spurs
57%
Kevin Johnson12 747Phoenix Suns
57%
Kyle Lowry10 540Toronto Raptors
57%
Vince Carter8 834Brooklyn Nets
57%
Kemba Walker12 009Charlotte Hornets
55%
Alonzo Mourning9 459Miami Heat
54%
Mike Conley11 733Memphis Grizzlies
54%
Brook Lopez10 444Brooklyn Nets
53%
Karl-Anthony Towns11 772Minnesota Timberwolves
52%
Alex English21 645Denver Nuggets
51%
Bob Pettit20 880Atlanta Hawks
51%
Joe Dumars16 401Detroit Pistons
51%
Rick Barry16 447Golden State Warriors
51%
Walt Frazier14 617New York Knicks
45%
Bob McAdoo9 434Los Angeles Clippers
42%
Elvin Hayes15 551Washington Wizards
41%
Willis Reed12 183New York Knicks
40%
Gerald Wallace7 437Charlotte Hornets
39%
Zach Randolph9 261Memphis Grizzlies
39%
Randy Smith12 735Los Angeles Clippers
35%
Buck Williams10 440Brooklyn Nets
31%
LaMarcus Aldridge12 562Portland Trail Blazers
30%
Glen Rice9 248Miami Heat
27%
Hal Greer21 586Philadelphia 76ers
27%
Andrew Wiggins8 710Minnesota Timberwolves
25%
Zydrunas Ilgauskas10 616Cleveland Cavaliers
23%
Adrian Dantley13 635Utah Jazz
21%
Dolph Schayes18 438Philadelphia 76ers
21%
Nikola Vučević10 423Orlando Magic
21%
Bob Lanier15 488Detroit Pistons
20%
Brad Daugherty10 389Cleveland Cavaliers
17%
Mark Aguirre13 930Dallas Mavericks
17%
Rik Smits12 871Indiana Pacers
16%
Rolando Blackman16 643Dallas Mavericks
15%
Mitch Richmond12 070Sacramento Kings
14%
Dan Issel16 589Denver Nuggets
11%
Nick Anderson10 650Orlando Magic
11%
Alvan Adams13 910Phoenix Suns
10%
Calvin Murphy17 949Houston Rockets
10%
Lou Hudson16 049Atlanta Hawks
10%
Jack Twyman15 840Sacramento Kings
4%
Billy Knight10 780Indiana Pacers
2%

Score Distribution

Percentile by Number Answered

Percent of People with Each Score

Your Score History

You have not taken this quiz since the last reset